Estructura organizacional (análisis y diseño), Departamento planta externa, D.O.T. Instituto Costarricense de Electricidad

Gespeichert in:
Bibliographische Detailangaben
1. Verfasser: Almengor Muñoz, Mauricio
Format: Buch
Veröffentlicht: [San José , Costa Rica] 1982
Tags: Tag hinzufügen
Keine Tags, Fügen Sie den ersten Tag hinzu!

MARC

LEADER 00000nam a2200000Ia 4500
003 002344
005 20221231144412.0
008 140114s1982 c a m 000 ||s d
040 |c cru CEDI 
090 |a TFG 1460 
100 |a Almengor Muñoz, Mauricio  |9 11753 
245 |a Estructura organizacional (análisis y diseño), Departamento planta externa, D.O.T. Instituto Costarricense de Electricidad 
260 |c 1982  |a [San José , Costa Rica] 
300 |a 121[66]hojas :ilustraciones  
500 |a A la cabeza de la portada. Universidad de Costa Rica. Facultad de Ingeniería. Escuela de Ingeniería Industrial 
942 |c TFG 
999 |c 21344  |d 21344